|
|
|
|
| LEADER |
00000nam0a2200000 4500 |
| 001 |
147240 |
| 005 |
20231031144956.0 |
| 035 |
|
|
|a (RuTPU)RU\TPU\book\159589
|
| 090 |
|
|
|a 147240
|
| 100 |
|
|
|a 20081112d1960 k y0rusy50 ca
|
| 101 |
1 |
|
|a rus
|c eng
|
| 102 |
|
|
|a RU
|
| 105 |
|
|
|a a z 001zy
|
| 200 |
1 |
|
|a Математическая теория неоднородных газов
|e пер. с англ.
|f С. Чемпен, Т. Каулинг
|g под ред. Н. Н. Боголюбова ; пер. Е. В. Малиновский
|
| 210 |
|
|
|a Москва
|c Изд-во иностранной литературы
|d 1960
|
| 215 |
|
|
|a 510 с.
|c ил.
|
| 320 |
|
|
|a Систиматиз. список теорет. работ: с. 453-455.
|
| 606 |
1 |
|
|a Газы
|x Кинетическая теория
|2 stltpush
|3 (RuTPU)RU\TPU\subj\5320
|
| 610 |
1 |
|
|a неоднородные газы
|
| 610 |
1 |
|
|a математическая теория
|
| 610 |
1 |
|
|a кинетические уравнения
|
| 610 |
1 |
|
|a газовые смеси
|
| 610 |
1 |
|
|a коэффициент теплопередачи
|
| 610 |
1 |
|
|a вязкость
|
| 610 |
1 |
|
|a диффузия
|
| 610 |
1 |
|
|a плазма
|
| 610 |
1 |
|
|a ионизированные газы
|
| 675 |
|
|
|a 533.7
|v 3
|
| 700 |
|
1 |
|a Чемпен
|b С.
|
| 701 |
|
1 |
|a Каулинг
|b Т.
|
| 702 |
|
1 |
|a Боголюбов
|b Н. Н.
|4 340
|
| 702 |
|
1 |
|a Малиновский
|b Е. В.
|4 730
|
| 801 |
|
1 |
|a RU
|b 63413507
|c 20081112
|g PSBO
|
| 801 |
|
2 |
|a RU
|b 63413507
|c 20210604
|g PSBO
|
| 942 |
|
|
|c BK
|